La politique d'intervention et d'agression des États-Unis au Sud Viet Nam. (Record no. 54075)

MARC details
000 -LEADER
fixed length control field 00771cam a22002291 4500
001 - CONTROL NUMBER
control field sa 63001677
003 - CONTROL NUMBER IDENTIFIER
control field DLC
005 - DATE AND TIME OF LATEST TRANSACTION
control field 20260227111929.0
008 - FIXED-LENGTH DATA ELEMENTS--GENERAL INFORMATION
fixed length control field 780522s1962 vm abc b 000 0 fre
010 ## - LIBRARY OF CONGRESS CONTROL NUMBER
LC control number sa 63001677
040 ## - CATALOGING SOURCE
Original cataloging agency DLC
Transcribing agency DLC
Modifying agency DLC
043 ## - GEOGRAPHIC AREA CODE
Geographic area code a-vt---
-- n-us---
050 00 - LIBRARY OF CONGRESS CALL NUMBER
Classification number DS557.A6
Item number A55
110 1# - MAIN ENTRY--CORPORATE NAME
Corporate name or jurisdiction name as entry element Vietnam (Democratic Republic).
Subordinate unit Bộ Ngoại-giao.
-- Vụ Thông tin Báo chí.
245 13 - TITLE STATEMENT
Title La politique d'intervention et d'agression des États-Unis au Sud Viet Nam.
260 ## - PUBLICATION, DISTRIBUTION, ETC.
Place of publication, distribution, etc. Hanoï,
Date of publication, distribution, etc. 1962.
300 ## - PHYSICAL DESCRIPTION
Extent 84 p.
Other physical details illus. ports., map, diagr.
Dimensions 24 cm.
504 ## - BIBLIOGRAPHY, ETC. NOTE
Bibliography, etc. note Bibliographical footnotes.
651 #0 - SUBJECT ADDED ENTRY--GEOGRAPHIC NAME
Geographic name Vietnam
General subdivision History.
651 #0 - SUBJECT ADDED ENTRY--GEOGRAPHIC NAME
Geographic name Vietnam
General subdivision Foreign relations
Geographic subdivision United States.
651 #0 - SUBJECT ADDED ENTRY--GEOGRAPHIC NAME
Geographic name United States
General subdivision Foreign relations
Geographic subdivision Vietnam.

No items available.

Powered by Koha